| 000 | 00386nam a2200145Ia 4500 | ||
|---|---|---|---|
| 005 | 20240821155123.0 | ||
| 008 | 240821s9999||||xx |||||||||||||| ||und|| | ||
| 082 | _a796.355 KHA | ||
| 100 | _aKhan, Eraj Ahmed | ||
| 245 | 0 | _aHockey for boys and girls | |
| 260 |
_aPatna _bScientific Books _c1968 |
||
| 300 | _a134p | ||
| 650 | _aARTS, CRAFTS, MUSIC, SPORTS AND RECREATIONS | ||
| 942 | _cBK | ||
| 999 |
_c98497 _d98497 |
||